| 000 | 00792nam a2200265 a 4500 | ||
|---|---|---|---|
| 001 | 38015 | ||
| 003 | BD-RjUL | ||
| 005 | 20211209052715.0 | ||
| 008 | 150827r19661936nyu 001 0 eng | ||
| 035 | _a(BD-RjUL) 38120 | ||
| 040 |
_aDLC _cSOI _dSOI _dBD-RjUL _beng |
||
| 041 | 1 |
_aeng _hger |
|
| 082 |
_a923.4092 _bMEK 1966 |
||
| 100 | 1 |
_aMehring, Franz, _d1846-1919. _9117747 |
|
| 245 | 1 | 0 |
_aKarl Marx : _bThe story of his life / |
| 260 |
_aLondon : _bGeorge Allen & Unwin Ltd, _c1966 |
||
| 300 |
_axxi, 575 p. : _c23 cm |
||
| 504 | _aincludes bibliography and index | ||
| 600 | 1 | 0 |
_aMarx, Karl, _d1818-1883. _9134510 |
| 650 |
_2Communists _vGermany _9117753 |
||
| 651 |
_aSocialism _9117754 |
||
| 700 | 1 |
_aFitzgerald, Edward, _d1902-1966. _9117748 |
|
| 942 |
_2ddc _cBK |
||
| 999 |
_c38015 _d38015 |
||